| 000 | 00740nam a22002777a 4500 | ||
|---|---|---|---|
| 003 | IBSLLIB | ||
| 005 | 20260515100333.0 | ||
| 008 | 260515b |||||||| |||| 00| 0 eng d | ||
| 020 | _a8174362592 | ||
| 040 |
_aIBSLLIB _beng |
||
| 041 | _hEng | ||
| 082 |
_a364.1 _bBLU |
||
| 100 | _aBlunden , Bob | ||
| 245 | _aThe Money Launderers | ||
| 260 |
_aDelhi : _bRoil Books Pvt , _c2001 |
||
| 300 |
_a152 p ; _c22 cm |
||
| 505 | _aEvolution of money laundering laws | ||
| 505 | _aProcedure for prevention | ||
| 505 | _aEffect on financial centres | ||
| 505 | _aindications and tell-tale signs | ||
| 650 | _aSocial Science | ||
| 650 | _aSocial Problem and Services | ||
| 653 | _aMoney | ||
| 653 | _aLaw | ||
| 942 | _cLBK | ||
| 999 |
_c22152 _d22152 |
||